Statystyki dla Znane miejsca w Pile

Kliknij tutaj aby rozwiązać quiz!

Ogólne statystyki

  • Ten quiz został rozwiązany 13 razy
  • Średni wynik to 5 z 9

Statystyki odpowiedzi

PodpowiedziMiejsca% Poprawnych
galeriagaleria
kasztanowa
100%
galeriaVivo
100%
hotelgromada
85%
rzekaGwda
85%
wyspawyspa
54%
miejscepark
23%
miejscedeptak
15%
KościółKościół ŚW.Rodziny
15%
miejsceskatepark
0%

Rozkład punktacji

Percentyl według liczby udzielonych odpowiedzi

Procent ludzi z każdym wynikiem

Twoja historia wyników

Nie rozwiązałeś tego quizu